000
00327nam a2200145Ia 4500
005
20251222141839.0
008
251222s9999||||xx |||||||||||||| ||spa||
020
_a
970-686-335-4
082
_a
572/C24
100
_a
Campbell, Mary K.
245
0
_a
BioquĂmica
250
_a
4a.ed.
264
_b
Thomson Learning
942
_c
LIB
999
_c
7368
_d
7368